00519nam a2200157 a 450000500170000000800410001702000180005805000210007610000180009724500440011526000320015930000090019144000250020099900190022595201170024420140412111428.0090224s19uu xx 00 eng d a0-439-87122-0 aTR(PS EbIg 2007 aParker, David aI Go Shopping with dad /cDavid Parker. aU.S.A :bScholastic,c2007. aunp. aThe Best me i can be c106297d106297 00104050aELbELcTRd2009-02-24eGiftg95.00l0oTR(PS E Ig 2007pE11555r2014-04-12 00:00:00w2014-04-12yBK